000 00463nam a2200181Ia 4500
001 19775
005 20260306172717.0
008 260306t2009||||xx |||||||||||||| ||spa||
041 _aESP
082 _a341.1
_bC268
100 _aCourtis, Christian (comp.)
_eAUT
245 0 _aDesde otra mirada:
_btextos de teoría crítica del derecho
260 _c2009
300 _a597 páginas :
_c23 cm.
650 _aGEN
654 _aCDE
942 _cLIB
_dJUS
_fJUS
_2ddc
_n
999 _c19775
_d19775